00583nam a2200241Ia 450000500170000000800460001702000180006303700100008104000080009104000080009904000080010704100080011504100080012308400080013110000160013924500500015524500380020526000230024326000090026636500050027536500080028085600530028820260324130816.0008 260324s9999 xx 000 0 eng d a9780203963210 aEBOOK aCRL beng cCRL 2eng aeng qCRL aHelen James 0aCivil Society, Religion and Global Governance 0bParadigms of Power and Persuasion bTaylor and Francis c2007 a b265 uhttp://www.taylorfrancis.com/books/9780203963210